| 000 | 07811cam a2201549 i 4500 | ||
|---|---|---|---|
| 999 | _c58978 | ||
| 001 | 22416099 | ||
| 003 | LIBRIS | ||
| 005 | 20220215132819.0 | ||
| 008 | 180201s2018 sw |||||||||||000 0|swe|d | ||
| 020 |
_a9789163616778 _qinbunden |
||
| 035 | _a(BOKR)9789163616778 | ||
| 040 |
_aBOKR _bswe _dL _ei _erda |
||
| 041 | 1 |
_aswe _heng |
|
| 082 | 0 | 4 |
_a613.26 _223/swe |
| 084 |
_aVmb _2kssb/8 |
||
| 084 |
_aVcc _2kssb/8 |
||
| 084 |
_aVef _2kssb/8 |
||
| 100 | 1 |
_aPerlmutter, David, _d1954- _4aut |
|
| 240 | 1 | 4 |
_aThe grain brain whole life plan _lSvenska |
| 245 | 1 | 0 |
_aBoosta din hjärna : _ben handlingsplan för bättre minne, lägre vikt och maximal hälsa / _cDavid Perlmutter med Kristin Loberg ; översättning av Helene Sandström. |
| 250 | _aFörsta upplagan | ||
| 264 | 1 |
_aStockholm : _bPagina, _c[2018] |
|
| 264 | 3 | _c2018 | |
| 300 |
_a290 sidor _c22 cm |
||
| 336 |
_atext _btxt _2rdacontent |
||
| 337 |
_aunmediated _bn _2rdamedia |
||
| 338 |
_avolume _bnc _2rdacarrier |
||
| 650 | 7 |
_aHjärnsjukdomar _0https://id.kb.se/term/sao/Hj%C3%A4rnsjukdomar _2sao |
|
| 650 | 7 |
_aKolhydrater _0https://id.kb.se/term/sao/Kolhydrater _2sao |
|
| 650 | 7 |
_aKostråd _0https://id.kb.se/term/sao/Kostr%C3%A5d _2sao |
|
| 650 | 7 |
_aDietik _0https://id.kb.se/term/sao/Dietik _2sao |
|
| 650 | 7 |
_aDietmat _0https://id.kb.se/term/sao/Dietmat _2sao |
|
| 650 | 0 | _aDietetic foods | |
| 650 | 0 | _aCarbohydrates | |
| 650 | 0 | _aDietetics | |
| 700 | 1 |
_aLoberg, Kristin _4aut |
|
| 700 | 1 |
_aSandström, Helene, _d1970- _4trl _0https://libris.kb.se/4hb8j2vv2fbhs24c#it |
|
| 887 |
_a{"@id":"zh9rmh293tsvwrj","modified":"2020-10-12T12:57:03.385+02:00","checksum":"171485200974"} _2librisxl |
||
| 887 |
_a{"@id":"x60kbh7kvnm6g2bw","modified":"2018-08-15T15:02:43.568+02:00","checksum":"130367657196"} _2librisxl |
||
| 887 |
_a{"@id":"3c4w7sj21j6djpt8","modified":"2018-08-08T12:31:34.541+02:00","checksum":"135817258307"} _2librisxl |
||
| 887 |
_a{"@id":"jsmrm21xg4rmhft9","modified":"2018-08-20T14:30:51.764+02:00","checksum":"158869918291"} _2librisxl |
||
| 887 |
_a{"@id":"fks8bm5l4jbqrc8","modified":"2018-07-02T17:39:43.976+02:00","checksum":"129141587349"} _2librisxl |
||
| 887 |
_a{"@id":"2b4sqctf0nl01z8g","modified":"2018-08-16T13:02:19.902+02:00","checksum":"135541744401"} _2librisxl |
||
| 887 |
_a{"@id":"3c6b8xd91hfdjqc0","modified":"2018-08-20T15:01:49.153+02:00","checksum":"141464879336"} _2librisxl |
||
| 887 |
_a{"@id":"x6x64zxxv4r2sghw","modified":"2018-08-01T10:48:32.347+02:00","checksum":"131713059307"} _2librisxl |
||
| 887 |
_a{"@id":"nxsjl4nnlbhjth5q","modified":"2018-09-03T08:07:13.887+02:00","checksum":"138333412308"} _2librisxl |
||
| 887 |
_a{"@id":"4d6vcwh429n6jxfg","modified":"2018-08-16T10:12:56.771+02:00","checksum":"138971946456"} _2librisxl |
||
| 887 |
_a{"@id":"lvk1mqp1j5p8gw4k","modified":"2018-07-19T12:28:16.972+02:00","checksum":"158978403073"} _2librisxl |
||
| 887 |
_a{"@id":"x61c64b3vlps9vwk","modified":"2018-08-22T08:03:48.844+02:00","checksum":"133225127409"} _2librisxl |
||
| 887 |
_a{"@id":"8j9z9n7z69zs1bj9","modified":"2018-08-07T15:31:49.607+02:00","checksum":"153578719219"} _2librisxl |
||
| 887 |
_a{"@id":"9j6pz1zp7kz5ft9g","modified":"2018-07-02T17:41:47.923+02:00","checksum":"141956846259"} _2librisxl |
||
| 887 |
_a{"@id":"5jbp0z9z30c6fcvm","modified":"2020-10-07T14:16:18.192+02:00","checksum":"141116350357"} _2librisxl |
||
| 887 |
_a{"@id":"t3t27hmqrfptm0vk","modified":"2018-08-01T10:49:05.311+02:00","checksum":"144939839489"} _2librisxl |
||
| 887 |
_a{"@id":"pt2jkkjv08df052","modified":"2018-07-02T17:39:43.587+02:00","checksum":"107473161431"} _2librisxl |
||
| 887 |
_a{"@id":"2b5j2d360bh3pt9w","modified":"2018-08-22T13:02:26.89+02:00","checksum":"137219537539"} _2librisxl |
||
| 887 |
_a{"@id":"gqpt5qdndrvglm51","modified":"2018-09-24T15:30:00.246+02:00","checksum":"159502192759"} _2librisxl |
||
| 887 |
_a{"@id":"2b9x26330b0p36p5","modified":"2018-09-28T15:59:44.796+02:00","checksum":"153303427748"} _2librisxl |
||
| 887 |
_a{"@id":"mwnqqltnkq0m2wlr","modified":"2018-08-02T14:23:04.312+02:00","checksum":"159619852083"} _2librisxl |
||
| 887 |
_a{"@id":"t3x1fv23rcp2g4gp","modified":"2018-08-20T11:01:29.433+02:00","checksum":"141143131491"} _2librisxl |
||
| 887 |
_a{"@id":"pzdp8pzlmqpt19vc","modified":"2019-01-17T14:17:33.895+01:00","checksum":"156883730015"} _2librisxl |
||
| 887 |
_a{"@id":"cmd82q179xg9hdtr","modified":"2018-08-09T12:31:41.657+02:00","checksum":"151349863863"} _2librisxl |
||
| 887 |
_a{"@id":"t3hrnm0mrszss690","modified":"2019-01-08T16:16:19.111+01:00","checksum":"148682863046"} _2librisxl |
||
| 887 |
_a{"@id":"cmkfl5vn9pbgfq6l","modified":"2018-09-13T13:13:27.65+02:00","checksum":"155673275280"} _2librisxl |
||
| 887 |
_a{"@id":"7hdg8m9k5g402n2f","modified":"2018-09-06T11:01:51.973+02:00","checksum":"145307883279"} _2librisxl |
||
| 887 |
_a{"@id":"jsnkp91xgrnl96gm","modified":"2018-09-17T11:47:19.862+02:00","checksum":"141171182133"} _2librisxl |
||
| 887 |
_a{"@id":"bk7q02908158hlpw","modified":"2018-07-02T17:41:26.718+02:00","checksum":"135142403485"} _2librisxl |
||
| 887 |
_a{"@id":"6f3lwg9d43wfmvr2","modified":"2018-07-02T17:49:22.046+02:00","checksum":"147412108179"} _2librisxl |
||
| 942 |
_2z _cBOOK |
||